01018nam a2200253 i 450000100060000000300090000600500170001500700030003200800410003502000180007608000400009408000110013410000290014524501390017426001280031330000300044150400320047150400270050360000410053070000320057185200220060399900170062595201220064289044ES-MaACL20240131174351.0t|050125s2004 sp a |||| |dspa d a84-8373-603-9 a73:929 Chillida, Eduardo (0:791.43) a791.431 aChillida, Susana.93852010aChillida, el arte y los sueños b: memoria de las filmaciones con mi padre / cSusana Chillida ; traducción de María de Calonje. aBilbao : bUniversidad del País Vasco, Servicio Editorial = Euskal Herriko Unibertsitatea, Argitalpen Zerbitzua, c[2004] a252 p. : bil. ; c24 cm. aBibliografía: p. 245-247. aFilmografía: p. 249.14aChillida, Eduardo,d1924-20029385181 aCalonje, María de.933781 aES-MaACLjL-28660 c89044d89044 00104070aATENEOMbATENEOMcDEPO2d2008-01-17eSCl0oL-28660p1092999r2023-02-23 00:00:00w2023-02-23yMONOGRAFIA